|
|
|
|
| LEADER |
00000cam a2200000 7i4500 |
| 001 |
0000009806 |
| 005 |
20230628.0 |
| 008 |
011112 ilu eng |
| 020 |
|
|
|a 1587050013 (hbk)
|
| 040 |
|
|
|a INS
|
| 090 |
0 |
0 |
|a TK5105.5
|b .I634 2000
|
| 245 |
1 |
0 |
|a Internetworking technologies handbook
|c Cisco Systems
|
| 250 |
|
|
|a 3rd ed.
|
| 260 |
|
|
|a Indianapolis, In :
|b Cisco Press ,
|c c2000
|
| 300 |
|
|
|a xxxix, 1077 p. :
|b ill. ;
|c 24 cm.
|
| 650 |
|
0 |
|a Computer networks
|v Handbooks, manuals, etc.
|
| 650 |
|
0 |
|a Internetworking (Telecommunications)
|x Hanbooks, manuals, etc.
|
| 710 |
2 |
|
|a Cisco Systems, Inc.
|
| 999 |
|
|
|a 0000008574
|b BOOK
|c Open Shelf
|e Default branch
|